[Event "PUR-ch"]
[Site "Caguas"]
[Date "2008.07.21"]
[Round "7"]
[White "Machin, Mark"]
[Black "Vazquez, Raul"]
[Result "1/2-1/2"]
[WhiteElo "2184"]
[BlackElo "2062"]
[PlyCount "23"]
[EventDate "2008.07.11"]
[EventType "tourn"]
[EventRounds "11"]
[EventCountry "PUR"]
[SourceTitle "EXT 2009"]
[Source "ChessBase"]
[SourceDate "2008.11.26"]
[SourceVersion "1"]
[SourceVersionDate "2008.11.26"]
[SourceQuality "1"]

1. e4 c5 2. Nf3 d6 3. d4 cxd4 4. Nxd4 Nf6 5. Nc3 a6 6. g3 e5 7. Nde2 Nbd7 8. Bg2 b5 9. 0-0 Bb7 10. h3 Be7 11. g4 Nb6 12. Ng3 1/2-1/2

[Event "PUR-ch"]
[Site "Caguas"]
[Date "2008.07.20"]
[Round "6"]
[White "Vazquez, Raul"]
[Black "Bermudez Adams, William"]
[Result "1-0"]
[WhiteElo "2062"]
[BlackElo "2211"]
[PlyCount "123"]
[EventDate "2008.07.11"]
[EventType "tourn"]
[EventRounds "11"]
[EventCountry "PUR"]
[SourceTitle "EXT 2009"]
[Source "ChessBase"]
[SourceDate "2008.11.26"]
[SourceVersion "1"]
[SourceVersionDate "2008.11.26"]
[SourceQuality "1"]

1. e4 d5 2. exd5 Qxd5 3. Nc3 Qd8 4. d4 g6 5. Nf3 Bg7 6. Bc4 Nh6 7. Ne4 Nf5 8. c3 Nd6 9. Nxd6+ Qxd6 10. Ng5 0-0 11. Qf3 Qf6 12. Qg3 h6 13. Nf3 Qc6 14. Bb3 Be6 15. 0-0 Bxb3 16. axb3 Qb6 17. b4 Nd7 18. Bf4 Nf6 19. Bxc7 Nh5 20. Bxb6 Nxg3 21. hxg3 axb6 22. Rfe1 e6 23. Nd2 Rad8 24. f4 h5 25. Ra7 Rd7 26. Nc4 b5 27. Ne5 Rc7 28. Rea1 g5 29. Ra8 h4 30. Rxf8+ Bxf8 31. gxh4 gxh4 32. Ra5 f6 33. Nf3 Bh6 34. Rxb5 Bxf4 35. Ra5 Bg3 36. Kf1 Kg7 37. Ke2 f5 38. Kd3 Kf6 39. b3 Rg7 40. Ra2 Rd7 41. Re2 Rh7 42. b5 h3 43. gxh3 Rxh3 44. Rxe6+ Kxe6 45. Ng5+ Kd6 46. Nxh3 Kc7 47. Ng5 Kb6 48. Kc4 Bh4 49. Nf3 Be7 50. Ne5 f4 51. Nf3 Bf8 52. b4 Be7 53. d5 Bf8 54. Nd4 Be7 55. Kd3 Bh4 56. d6 f3 57. c4 f2 58. c5+ Ka7 59. Ke2 Kb8 60. Ne6 Kc8 61. c6 bxc6 62. bxc6 1-0

[Event "PUR-ch"]
[Site "Caguas"]
[Date "2008.07.18"]
[Round "4"]
[White "Vazquez, Raul"]
[Black "Guzman, Carlos M"]
[Result "1-0"]
[WhiteElo "2062"]
[BlackElo "2070"]
[PlyCount "83"]
[EventDate "2008.07.11"]
[EventType "tourn"]
[EventRounds "11"]
[EventCountry "PUR"]
[SourceTitle "EXT 2009"]
[Source "ChessBase"]
[SourceDate "2008.11.26"]
[SourceVersion "1"]
[SourceVersionDate "2008.11.26"]
[SourceQuality "1"]

1. e4 e6 2. d4 d5 3. Nc3 Bb4 4. e5 c5 5. a3 Bxc3+ 6. bxc3 Ne7 7. Qg4 0-0 8. Bd3 f5 9. exf6 Rxf6 10. Bg5 Rf7 11. Qh5 g6 12. Qd1 Qa5 13. Bd2 Nbc6 14. Nf3 Bd7 15. 0-0 c4 16. Be2 Nf5 17. Ng5 Re7 18. f4 Kg7 19. Re1 h6 20. Nh3 Rf8 21. Nf2 h5 22. Nh3 Ref7 23. Ng5 Rf6 24. Bf1 h4 25. Re2 Qc7 26. Qe1 Qd6 27. a4 Ncxd4 28. cxd4 Nxd4 29. Bc3 Nxe2+ 30. Qxe2 d4 31. Ne4 Qxf4 32. Bxd4 e5 33. Be3 Qf5 34. Nxf6 Rxf6 35. h3 Bc6 36. Qxc4 a6 37. Qxh4 Qxc2 38. Qg3 Kf7 39. Rc1 Qe4 40. Re1 Qxa4 41. Qxe5 Re6 42. Qc5 1-0

[Event "Puerto Rico-ch"]
[Site "Puerto Rico"]
[Date "2007.07.20"]
[Round "5"]
[White "Vazquez, Raul"]
[Black "Freyre Forest, Jorge"]
[Result "0-1"]
[WhiteElo "1989"]
[BlackElo "2165"]
[PlyCount "108"]
[EventDate "2007.07.13"]
[EventType "tourn"]
[EventRounds "11"]
[EventCountry "PUR"]
[SourceTitle "EXT 2010"]
[Source "ChessBase"]
[SourceDate "2010.11.25"]
[SourceVersion "1"]
[SourceVersionDate "2010.11.25"]
[SourceQuality "1"]

1. e4 e6 2. d4 d5 3. Nc3 Bb4 4. e5 Qd7 5. Qg4 Bf8 6. Nf3 b6 7. Be3 Ba6 8. Bxa6 Nxa6 9. 0-0 h5 10. Qh4 Ne7 11. Ng5 Nf5 12. Qf4 g6 13. h4 Nb4 14. Rac1 Bh6 15. a3 Nc6 16. Ne2 Na5 17. b3 Qe7 18. a4 Rc8 19. Bd2 c6 20. Ng3 Bxg5 21. Nxf5 Bxf4 22. Nxe7 Kxe7 23. Bxf4 c5 24. dxc5 bxc5 25. Bg5+ Kd7 26. Bd2 Nc6 27. Rfe1 Ne7 28. g3 Nf5 29. Kg2 c4 30. b4 c3 31. Be3 Nxe3+ 32. Rxe3 Rc4 33. b5 Rhc8 34. Ra1 R8c5 35. f4 Kc7 36. Kf3 Kb6 37. Ra3 Ka5 38. Rd3 Kb4 39. Rb3+ Ka5 40. Ra3 Rxa4 41. Raxc3 Kxb5 42. Rb3+ Rb4 43. Rxb4+ Kxb4 44. Rb3+ Kc4 45. Rb7 a5 46. Rxf7 a4 47. Ra7 Kb4 48. Ra8 a3 49. Rb8+ Rb5 50. Ra8 Ra5 51. Rb8+ Kc3 52. Rb1 a2 53. Ra1 Kb2 54. Rg1 Ra3+ 0-1

[Event "Puerto Rico-ch"]
[Site "Puerto Rico"]
[Date "2007.07.14"]
[Round "2"]
[White "Vazquez, Raul"]
[Black "Machin Rivera, Mark"]
[Result "0-1"]
[WhiteElo "1989"]
[BlackElo "2177"]
[PlyCount "148"]
[EventDate "2007.07.13"]
[EventType "tourn"]
[EventRounds "11"]
[EventCountry "PUR"]
[SourceTitle "EXT 2010"]
[Source "ChessBase"]
[SourceDate "2010.11.25"]
[SourceVersion "1"]
[SourceVersionDate "2010.11.25"]
[SourceQuality "1"]

1. e4 g6 2. d4 Bg7 3. Nf3 c6 4. c3 d6 5. Nbd2 Nf6 6. Bd3 0-0 7. 0-0 Nbd7 8. b3 Re8 9. Re1 e5 10. Nc4 Bf8 11. Bg5 h6 12. Bh4 Qc7 13. a4 Bg7 14. a5 Rb8 15. Bc2 Bf8 16. h3 Nh5 17. Bg3 Nxg3 18. fxg3 b5 19. axb6 axb6 20. b4 b5 21. Na5 Bg7 22. Qd2 exd4 23. cxd4 c5 24. Kh1 cxd4 25. Bb3 Qc3 26. Qf4 Rf8 27. Qxd6 Rb6 28. Qd5 Qxb4 29. Nc6 Rxc6 30. Qxc6 Qxb3 31. Rab1 Qc4 32. Qxb5 Qxb5 33. Rxb5 Re8 34. Rd5 Nf6 35. Rxd4 Nh5 36. Ra4 Nxg3+ 37. Kh2 Nh5 38. Ra8 Bd7 39. Rxe8+ Bxe8 40. Rc1 Kf8 41. Rc7 Nf6 42. Rc4 Nd7 43. Kg3 Ne5 44. Nxe5 Bxe5+ 45. Kf3 Ke7 46. Ke3 Bd7 47. Rb4 Kf6 48. Rb7 Be6 49. Rb5 h5 50. Ra5 Bc7 51. Rb5 Bh2 52. Kf2 Bf4 53. Kf3 Bd2 54. Rc5 Ke7 55. Ke2 Bb4 56. Rc2 Kd6 57. Kf3 Ke5 58. Ke3 g5 59. Rc1 g4 60. hxg4 hxg4 61. Rc2 Be7 62. Re2 Bc5+ 63. Kd3 Kf4 64. Rc2 Bf8 65. Kd4 Bg7+ 66. Kd3 Kg3 67. Ke3 Be5 68. Kd3 Bb8 69. Rb2 Ba7 70. Rc2 Bf2 71. Kd2 Kxg2 72. Ke2 g3 73. Kd3 Kf3 74. Rc1 g2 0-1

[Event "Puerto Rico-ch"]
[Site "Puerto Rico"]
[Date "2007.07.13"]
[Round "1"]
[White "Santa Torres, Juan"]
[Black "Vazquez, Raul"]
[Result "1-0"]
[WhiteElo "2225"]
[BlackElo "1989"]
[PlyCount "75"]
[EventDate "2007.07.13"]
[EventType "tourn"]
[EventRounds "11"]
[EventCountry "PUR"]
[SourceTitle "EXT 2010"]
[Source "ChessBase"]
[SourceDate "2010.11.25"]
[SourceVersion "1"]
[SourceVersionDate "2010.11.25"]
[SourceQuality "1"]

1. Nf3 Nf6 2. b3 d5 3. Bb2 g6 4. e3 Bg7 5. Be2 0-0 6. 0-0 c5 7. d4 cxd4 8. exd4 Nc6 9. Nbd2 b6 10. Re1 Bb7 11. c3 Ne4 12. Bf1 Nxd2 13. Qxd2 e6 14. Bd3 Rc8 15. Re2 Qd6 16. Rae1 Rfd8 17. h4 Re8 18. Ne5 Nxe5 19. dxe5 Qe7 20. Qf4 Rc7 21. Re3 Bf8 22. Rg3 Bc6 23. Bc1 Qc5 24. Bd2 Bb5 25. Bb1 Rd7 26. h5 a5 27. Qh4 d4 28. c4 Bc6 29. Bg5 Bg7 30. Bf6 Qf8 31. Rd1 Bxf6 32. Qxf6 Qg7 33. hxg6 fxg6 34. Bxg6 Qxf6 35. Bxe8+ Kf8 36. exf6 Kxe8 37. Rg8+ Kf7 38. Rg7+ 1-0